Sons de werenoi certifiés - Statistiques

Statistiques générales
  • Ce quiz a été pris 38 fois
    6 depuis la dernière actualisation
  • Le résultat moyen est 24 sur 71
Statistiques - réponses
Réponse % Correct
Jamal
100%
Tu connais
100%
Chemin d'or
83%
Laboratoire
83%
Maudit
83%
Mauvaise
83%
Pétunias
83%
Derek
67%
La League
67%
Piano
67%
Poney
67%
Pyramide
67%
Selfie
67%
Solitaire
67%
Vulgaire
67%
11.04.2025
50%
C63
50%
Chemin de diamant
50%
Ciao
50%
CORDILLÈRE
50%
Dispense
50%
Escorte
50%
Faf
50%
Jalouse
50%
Riri
50%
Scarface
50%
Triple V
50%
3 singes
33%
3x filtré
33%
All eyes on me
33%
BOSS
33%
Dans un verre
33%
En pétard
33%
First
33%
Intro Rolex
33%
Magot
33%
METALLICA
33%
Ordinateur
33%
Virus
33%
10.03.2023
17%
16.02.2024
17%
6 étoiles
17%
Balmain
17%
Boussole
17%
CR
17%
Déjà vu
17%
Grisaille
17%
La famine
17%
Location
17%
Maison hantée
17%
Moteur brûlant
17%
Saison
17%
Tout seul
17%
Animal
0%
Chaleur
0%
Colisée
0%
Crédibilité
0%
DRAGONS
0%
FBI
0%
Figaro
0%
Industry plant
0%
La vie de star
0%
Mélanine
0%
Photo
0%
Rolls Royce
0%
Rude boy
0%
Sale histoire
0%
Senor de los gallos
0%
Téléphérique
0%
Tucibi
0%
Vroum vroum
0%
Aucun quiz correspondant
Distribution des résultats
% des personnes avec chaque résultat
Percentile par nombre de réponses
Votre historique - résultats
Vous n’avez pas pris ce quiz depuis la dernière actualisation